[Event "Cairo Egyptian op"]
[Site "Cairo"]
[Date "2016.04.27"]
[Round "8"]
[White "Roshdy, Mohamed"]
[Black "Moreis, Kamel"]
[Result "0-1"]
[WhiteElo "1801"]
[BlackElo "2046"]
[PlyCount "80"]
[EventDate "2016.04.22"]
[EventType "swiss"]
[EventRounds "9"]
[EventCountry "EGY"]
[SourceTitle "CBM 172 Extra"]
[Source "ChessBase"]
[SourceDate "2016.06.21"]
[SourceVersion "1"]
[SourceVersionDate "2016.06.21"]
[SourceQuality "1"]

1. Nf3 Nf6 2. d4 g6 3. c4 Bg7 4. Nc3 d6 5. e4 0-0 6. Be2 c6 7. 0-0 Qc7 8. Bf4 Qb6 9. Qd2 Bg4 10. h3 Bc8 11. e5 Ne8 12. exd6 exd6 13. Ne4 d5 14. c5 Qd8 15. Nd6 Nxd6 16. Bxd6 Re8 17. Bd3 Be6 18. Rae1 Nd7 19. Re2 f6 20. Rfe1 Bf7 21. Re7 Rxe7 22. Bxe7 Qc7 23. g4 Re8 24. Bd6 Qc8 25. Kg2 Rxe1 26. Nxe1 Nf8 27. f4 Ne6 28. f5 Nxd4 29. Qf4 Qe8 30. Kf2 Nb5 31. Bb8 g5 32. Qg3 Bf8 33. Bxb5 Bxc5+ 34. Kf1 cxb5 35. Nd3 Bb6 36. Bd6 Qe4 37. Bb4 Bc7 38. Qxc7 Qxd3+ 39. Kg1 Qd4+ 40. Kf1 Qxb4 0-1